000 00638nam a2200229 a 4500
001 BRCA_7676
005 20190320205935.0
008 160813s1954----it-a######---#000-0#ger-#
041 _ager
044 _ait
050 4 _aND623.R3
_b.R43 1954
100 1 _aRedig de Campos, Deoclecio
_918949
245 1 0 _aDie Stanzen des Raphael
_cvon Redig de Campos.
260 _aRoma
_bDel Turco
_cc1954
300 _a71 p.
_bil. (algunas a color), 63 láminas
_c24 cm.
500 _aU13
504 _aBibliografĂ­a p.69
600 1 4 _aRaffaele Sanzio
_d1483-1520
_918950
650 1 4 _aPintores italianos
_97654
902 _aGFM
942 _2lcc
_cB
999 _c7350
_d7350